000 00583nam a2200229Ia 4500
003 OSt
005 20220923211656.0
006 a|||||r|||| 00| 0
007 ta
008 Pun
024 _a42,249
037 _cTextual
040 _aARTS
_cARTS
_bPun
041 _2Pun
_aPun
082 _aO153,1K23x, K0
100 _aਪਦਮ, ਸ ਸ, ਥਦ.
_9161279
245 0 _aਹੀਰ ਅਹਿਮਦ
260 _c1960
650 _aਪੰਜਾਬੀ ਸਾਹਿਤ
942 _hO153,1K23x, K0
_cTEXL
_2CC
999 _c302469
_d302469